The Legend of Zelda Games by Map Pictures - Statistics

General Stats
  • This quiz has been taken 84 times
  • The average score is 11 of 22
Answer Stats
Picture Answer % Correct
Breath of the Wild
90%
Tears of the Kingdom
85%
Ocarina of Time
69%
Skyward Sword
69%
A Link to the Past
67%
Majora's Mask
66%
The Wind Waker
66%
The Legend of Zelda
64%
Twilight Princess
57%
A Link Between Worlds
52%
Link's Awakening
52%
Spirit Tracks
51%
Hyrule Warriors: Age of Calamity
49%
Phantom Hourglass
44%
Zelda II: The Adventure of Link
44%
Echoes of Wisdom
36%
The Minish Cap
34%
Oracle of Ages
33%
Oracle of Seasons
33%
Four Swords
20%
Tri Force Heroes
18%
Four Swords Adventures
15%
No matching quizzes found
Score Distribution
Percent of People with Each Score
Percentile by Number Answered
Your Score History
You have not taken this quiz